History of the Presbyterian Church in the state of Kentucky: with a preliminary sketch of the churches in the valley of Virginia

Saved in:  
Bibliographic Details
Main Author: Davidson, Robert 1808-1876 (Author)
Corporate Author: Columbia University Libraries. MitwirkendeR (Contributor)
Format: Electronic Book
Language:English
Check availability: HBZ Gateway
Interlibrary Loan:Interlibrary Loan for the Fachinformationsdienste (Specialized Information Services in Germany)
Published: New York Lexington, Ky. R. Carter 1847
New York Lexington, Ky. C. Marshall 1847
In:Year: 1847
Further subjects:B Presbyterian Church (Kentucky)
B Kentucky Church history
B Protestantism
B Presbyterian Church (Virginia)
B Presbyterians (Kentucky)
Online Access: Volltext (kostenfrei)
Sammlungen:

MARC

LEADER 00000cam a22000002c 4500
001 189361929X
003 DE-627
005 20250117235648.0
007 cr uuu---uuuuu
008 240703s1847 xx |||||o 00| ||eng c
035 |a (DE-627)189361929X 
035 |a (DE-599)KXP189361929X 
035 |a (PRTC)historyofpresbyt00davi 
040 |a DE-627  |b ger  |c DE-627  |e rda 
041 |a eng 
050 0 |a BX 8947.K4 
082 0 |a 285.09769 
084 |a 1  |2 ssgn 
100 1 |8 1\p  |e VerfasserIn  |0 (DE-588)1035689421  |0 (DE-627)749386436  |0 (DE-576)383460174  |4 aut  |a Davidson, Robert  |d 1808-1876 
109 |a Davidson, Robert 1808-1876 
245 1 0 |a History of the Presbyterian Church in the state of Kentucky  |b with a preliminary sketch of the churches in the valley of Virginia  |c by the Rev. Robert Davidson 
264 1 |a New York  |a Lexington, Ky.  |b R. Carter  |c 1847 
264 1 |a New York  |a Lexington, Ky.  |b C. Marshall  |c 1847 
300 |a 1 Online-Ressource (371 p.) 
336 |a Text  |b txt  |2 rdacontent 
337 |a Computermedien  |b c  |2 rdamedia 
338 |a Online-Ressource  |b cr  |2 rdacarrier 
601 |a Historie 
601 |a Presbyterianer 
601 |a Kentucky 
601 |a Virginia 
650 0 |a Presbyterian Church  |z Kentucky 
650 0 |a Presbyterian Church  |z Virginia 
650 0 |a Presbyterians  |z Kentucky 
651 0 |a Kentucky  |x Church history 
655 0 |a Protestantism 
710 2 |a Columbia University Libraries  |e MitwirkendeR  |4 ctb 
856 4 0 |u https://commons.ptsem.edu/id/historyofpresbyt00davi  |m X:PRTC  |x Digitalisierung  |z kostenfrei  |7 0 
883 |8 1\p  |a cgwrk  |d 20241001  |q DE-101  |u https://d-nb.info/provenance/plan#cgwrk 
935 |a PRTC  |a mteo 
951 |a BO 
ELC |a 1 
LOK |0 000 xxxxxcx a22 zn 4500 
LOK |0 001 454611933X 
LOK |0 003 DE-627 
LOK |0 004 189361929X 
LOK |0 005 20240703113252 
LOK |0 008 240703||||||||||||||||ger||||||| 
LOK |0 035   |a (DE-Tue135)historyofpresbyt00davi 
LOK |0 040   |a DE-Tue135  |c DE-627  |d DE-Tue135 
LOK |0 092   |o n 
LOK |0 689   |a f  |a Book 
LOK |0 852   |a DE-Tue135 
LOK |0 852 1  |9 00 
LOK |0 866   |x SPQUE#Theological Commons Princeton 
LOK |0 935   |a PRTC 
LOK |0 939   |a 03-07-24  |b l01 
OAS |a 1 
ORI |a SA-MARC-ixtheoa001.raw 
SYF 0 0 |a Ky.,KY,Commonwealth of Kentucky